01459cac a2200313 i 4500003000900000005001700009008004100026020002400067020002100091040003800112050002100150082001600171245015600187264010800343300004200451336002100493337002300514338003300537490006600570500012400636504006400760650003900824650003900863655010200902700002401004700003501028700002201063856006001085EG-GICUC20260121101721.0091019s2009 ne frb 101 0 eng d a9789067042888qhbk. a9067042889qhbk. aDLCcDLCdDLCdEG-GICUCbengerda00aK2123b.H54 200904221a341.51100aHighest courts and the internationalisation of law :bchallenges and changes /cedited by Sam Muller and Marc Loth ; assistant editor, Jantine de Goei. aThe Hague :bHague Academic Press ;aWest Nyack, NY :bCambridge University Press [distributor],c2009. axiv, 216 p. ;c25 cm.billustrations, atext2rdacontent aComputer2rdamedia aOnline Resources2rdacarrier0 aHague colloquium on fundamental principles of law,x1877-279X aProceedings of a Colloquium organized by the Hague Institute for the Internationalisation of Law, June 30-July 1, 2006. aIncludes bibliographical references (p. 195-211) and index. 0aCourts of last resortvCongresses. 0aLaw and globalizationvCongresses. 7aConference papers and proceedings.2lcgft0https://id.loc.gov/authorities/genreForms/gf20140260681 aMuller, Sam,d1964-1 aLoth, M. A.q(Marc A.),d1956-1 aGoei, Jantine de.40uhttps://fll.law.cu.edu.eg/fulltext/bks/ENGB11-00046.pdf